000 00534nam a2200181Ia 4500
005 20250508153348.0
008 008 250505s9999 xx 000 0 eng d
037 _aBooks to be hide in OPAC
040 _aFEDL
_beng
_cFEDL
041 _aeng
_2eng
084 _a491.43, IND/O
_qFEDL
245 0 _aProgramme for the development and propagation of hindi: 1954
245 0 _cMinistry of Education. Government of India
260 _c1954
300 _a11p.
942 _cHB
_h491.43, IND/O
999 _c1342291
_d1342291